Bladee Lyrics #4 - Statistics

General Stats
  • This quiz has been taken 64 times
  • The average score is 5 of 10
Answer Stats
Hint Answer % Correct
Cold outside and I don't know what to wear / If you go right now, I don't know if I would care Into Dust
76%
Hold the map, I got the keys to the city / GTB, I see machines in the city Deletee (Intro)
71%
Nine's on top, yes, that's true, I'm the fool The Fool Intro
71%
So much rot you gotta cut it, standing solid at the summit KING NOTHINGG
59%
We think we exist, that's why we suffer, do we not? 5 Star Crest (4 Vattenrum)
57%
Drain crusade on a mission / If I'm good will I one day be lifted Oh Well
51%
Come and take a pic, Drain Boss, had to run for it Linkdin
41%
Everything you think of all the time / I don't want your body, touch your mind Hero of My Story 3style3
39%
MIA, I'm missing, can't be found, that's without a doubt I'm Goofy
29%
This shit so easy, just don't panic / Man, we add a splash of magic LUCKY LUKE
24%
No matching quizzes found
Score Distribution
Percent of People with Each Score
Percentile by Number Answered
Your Score History
You have not taken this quiz